| 000 | 00516cam a2200205ua 4500 | ||
|---|---|---|---|
| 001 | 11742 | ||
| 005 | 20260515114808.0 | ||
| 008 | 191031n ii |||gr||||Z||||||eng | ||
| 020 | _a9789380261454 | ||
| 040 | _cMAIN | ||
| 041 | _aeng | ||
| 082 | _a370.1 | ||
| 100 |
_aMukunda Sarma, _eAuthor. |
||
| 245 |
_aPhilosophical and sociological foundation of education _cBy Mukunda Sarma |
||
| 250 | _a1st ed. | ||
| 260 |
_aGuwahati: _bEBH publishers, _c2012. |
||
| 300 | _a443p. | ||
| 653 | _aEducation | ||
| 942 | _cBK | ||
| 999 |
_c10533 _d10533 |
||